书目信息 |
| 题名: |
搞笑
|
|
| 作者: | 布雷默 , 茹登伯格 编 ;北塔 译 | |
| 分册: | ||
| 出版信息: | 北京 社会科学文献出版社 2001 |
|
| 页数: | 17,355页 | |
| 开本: | 20cm | |
| 丛书名: | 阅读流行系列 | |
| 单 册: | ||
| 中图分类: | I106.7 | |
| 科图分类: | ||
| 主题词: | 笑话--文学史--世界 , 笑话 , 文学史 | |
| 电子资源: | ||
| ISBN: | 7-80149-574-8 | |
| 000 | 01121oam2 2200325 450 | |
| 001 | 1260379509 | |
| 005 | 20121016164647.98 | |
| 010 | @a7-80149-574-8@dCNY29.00 | |
| 100 | @a20020204d2001 kemy0chiy0110 ea | |
| 101 | 1 | @achi@cdut |
| 102 | @aCN@b110000 | |
| 105 | @aa z 000yd | |
| 200 | 1 | @a搞笑@Agao xiao@e幽默文化史@f(荷)简·布雷默,(荷)赫尔曼·茹登伯格编@g北塔等译 |
| 210 | @a北京@c社会科学文献出版社@d2001 | |
| 215 | @a17,355页@c图@d20cm | |
| 225 | 2 | @a阅读流行系列 |
| 305 | @a据Polity出版社1997版译出 | |
| 330 | @a本书是一部史论集,研究了由古希腊到现代的关于幽默之流变,探讨了幽默的词源学、语义学、社会学和美学诸方面,其中包括幽默及其历史,古希腊文化中的笑话、滑稽演员和笑话书等篇章。 | |
| 461 | 0 | @12001 @a阅读流行系列 |
| 510 | 1 | @aA Cultural History of Humour@zeng |
| 517 | 1 | @a幽默文化史@Ayou mo wen hua shi |
| 606 | 0 | @a笑话@x文学史@y世界 |
| 606 | 0 | @a笑话 |
| 606 | 0 | @a文学史 |
| 690 | @aI106.7@v4 | |
| 701 | 1 | @a布雷默@Abu lei mo@b简@4编 |
| 701 | 1 | @a茹登伯格@Aru deng bo ge@b赫尔曼@4编 |
| 702 | 0 | @a北塔@Abei ta@4译 |
| 801 | 0 | @aCN@bNLC@c20101222 |
| 905 | @a10447@dI106.7@eJY44 | |
| 搞笑:幽默文化史/(荷)简·布雷默,(荷)赫尔曼·茹登伯格编/北塔等译.-北京:社会科学文献出版社,2001 |
| 17,355页:图;20cm.-(阅读流行系列) |
| ISBN 7-80149-574-8:CNY29.00 |
| 本书是一部史论集,研究了由古希腊到现代的关于幽默之流变,探讨了幽默的词源学、语义学、社会学和美学诸方面,其中包括幽默及其历史,古希腊文化中的笑话、滑稽演员和笑话书等篇章。 |
| ● |
| 相关链接 |
|
|
|
|
正题名:搞笑
索取号:I106.7/JY44
 
预约/预借
| 序号 | 登录号 | 条形码 | 馆藏地/架位号 | 状态 | 备注 |
| 1 | 7803053 | 278030532 | 学院路分馆/ [索取号:I106.7/JY44] | 在馆 | |
| 2 | 7803054 | 278030541 | 学院路分馆/ [索取号:I106.7/JY44] | 在馆 |